Statystyki dla Ubrania na literę S

Kliknij tutaj aby rozwiązać quiz!

Ogólne statystyki

  • Ten quiz został rozwiązany 184 razy
  • Średni wynik to 10 z 24

Statystyki odpowiedzi

Ubranie% Poprawnych
spodnie
87%
sukienka
87%
spódnica
83%
szalik
80%
skarpetki
77%
sweter
65%
sandały
59%
spodenki
54%
stanik
54%
stringi
45%
szorty
38%
slipy
37%
szpilki
34%
szelki
29%
szlafrok
29%
surdut
20%
sneakersy
18%
sombrero
15%
szata
15%
spinka
13%
sutanna
13%
sztruksy
11%
szlafmyca
5%
stójka
3%

Rozkład punktacji

Percentyl według liczby udzielonych odpowiedzi

Procent ludzi z każdym wynikiem

Twoja historia wyników

Nie rozwiązałeś tego quizu